[Event "COL-ch School U17"]
[Site "Bogota"]
[Date "2014.11.16"]
[Round "4.8"]
[White "Caro Estrada, Jean Pool"]
[Black "Sucerquia Leon, Jose Manuel"]
[Result "0-1"]
[WhiteElo "1549"]
[BlackElo "1551"]
[PlyCount "54"]
[EventDate "2014.11.14"]
[EventType "swiss"]
[EventRounds "6"]
[EventCountry "COL"]
[SourceTitle "EXT 2024"]
[Source "ChessBase"]
[SourceDate "2023.10.10"]
[SourceVersion "1"]
[SourceVersionDate "2023.10.10"]
[SourceQuality "1"]

1. e4 e6 2. d4 d5 3. exd5 exd5 4. Bf4 Nf6 5. Nf3 Bg4 6. Be2 Bb4+ 7. c3 Bd6 8. Bxd6 Qxd6 9. Nbd2 Nbd7 10. 0-0 0-0 11. h3 Bh5 12. Qc2 Rfe8 13. Rae1 Bg6 14. Bd3 Bxd3 15. Qxd3 Qb6 16. Nb3 Ne4 17. Nfd2 Ndf6 18. f3 Ng3 19. Rxe8+ Rxe8 20. Rd1 Qd6 21. Nc1 Nfh5 22. Ndb3 Nf4 23. Qb5 Nge2+ 24. Nxe2 Rxe2 25. Kf1 Qe7 26. Nc1 c6 27. Qb3 Qe3 0-1

[Event "Antioquia Region-ch U16"]
[Site "Medellin"]
[Date "2014.05.09"]
[Round "1.1"]
[White "Echavarria Ramirez, Juan Diego"]
[Black "Sucerquia Leon, Jose Manuel"]
[Result "1-0"]
[WhiteElo "1954"]
[BlackElo "1581"]
[PlyCount "61"]
[EventDate "2014.05.08"]
[EventType "swiss"]
[EventRounds "4"]
[EventCountry "COL"]
[SourceTitle "EXT 2024"]
[Source "ChessBase"]
[SourceDate "2023.10.10"]
[SourceVersion "1"]
[SourceVersionDate "2023.10.10"]
[SourceQuality "1"]

1. d4 e6 2. c4 d5 3. Nc3 Nf6 4. Nf3 Nbd7 5. Bg5 Be7 6. e3 0-0 7. Bd3 Re8 8. 0-0 a6 9. Rc1 dxc4 10. Bxc4 b5 11. Bd3 Nd5 12. Nxd5 exd5 13. Bf4 c5 14. dxc5 Nxc5 15. Bb1 Ne4 16. Bc7 Qd7 17. Bf4 Bf6 18. Qb3 Qe6 19. Rfd1 g5 20. Bg3 Nxg3 21. hxg3 h6 22. Nd4 Qe5 23. Rc5 Bb7 24. a4 b4 25. Qd3 Kf8 26. Ba2 Be7 27. Rc2 Qe4 28. Qe2 Rac8 29. Rcd2 Bf6 30. Qh5 Bxd4 31. Rxd4 1-0

[Event "Antioquia Region-ch U16"]
[Site "Medellin"]
[Date "2014.05.09"]
[Round "2.3"]
[White "Sucerquia Leon, Jose Manuel"]
[Black "Llano Buritica, Eduardo Alejandro"]
[Result "0-1"]
[WhiteElo "1581"]
[BlackElo "1701"]
[PlyCount "68"]
[EventDate "2014.05.08"]
[EventType "swiss"]
[EventRounds "4"]
[EventCountry "COL"]
[SourceTitle "EXT 2024"]
[Source "ChessBase"]
[SourceDate "2023.10.10"]
[SourceVersion "1"]
[SourceVersionDate "2023.10.10"]
[SourceQuality "1"]

1. d4 Nf6 2. e3 c5 3. Nf3 g6 4. b3 Bg7 5. Nbd2 cxd4 6. exd4 Nd5 7. Bb2 Nf4 8. Be2 0-0 9. 0-0 Nc6 10. Rb1 d6 11. Bb5 Qb6 12. a4 Bf5 13. Nc4 Qc7 14. Z0 a6 15. Bxc6 Qxc6 16. Ne3 Be4 17. Re1 Rac8 18. Rc1 Bxf3 19. gxf3 Nh3+ 20. Kg2 Qd7 21. Nd5 Ng5 22. Nxe7+ Kh8 23. Re3 Rce8 24. f4 Rxe7 25. fxg5 Rxe3 26. fxe3 Qf5 27. h4 Qe4+ 28. Qf3 Qxh4 29. Qg3 Qe4+ 30. Qf3 Qh4 31. Qf4 Qxf4 32. exf4 f6 33. gxf6 Rxf6 34. Kg3 Re6 0-1